Регионална библиотека "Любен Каравелов" - Русе

Международен търговско-индустриален алманах на Царство България (Запис номер 160220)

MARC детайли
000 -Лидер
Контролно поле с фиксирана дължина 01803nam a2200373 a 4500
003 - Код на организацията, давaща контролен номер
Контролно поле BLK
005 - Дата и час на последна редакция
Контролно поле 20250429143516.0
008 - Елементи от данни с фиксирана дължина
fixed length control field 180410b bul|||||r ||||||| ||bul||
010 ## - Наследен системен номер
LC control number KNG00167426000
040 ## - Източник на каталожния запис
Идентификатор на билиотеката - собственик на записа BLK
041 ## - Код за език
Код за езика на текст/звукозапис или на отделно заглавие Български
-- Френски
Код за езика КДБФ Български
072 #7 - Код за тематичната категория
Код организация bullib
Код за тематична категория К
Текст Краезнание
080 ## - УДК
Текстов определител УДК Търговия. Международни икономически отношения. Световно стопанство
УДК код - определител по УДК 339
УДК определител (497.2)(059)
УДК - код + определител 339(497.2)(059)
100 1# - Редна дума - Автор
R(LIN) 122792
Автор Списаревски, Константин Добрев
Авторска отговорност авт. на том
139 ## - Редно поле
Редна дума Международен търговско-индустриален алманах на Царство България
Авторски знак Мед - М 45
245 10 - Сведения за заглавието
Заглавие Международен търговско-индустриален алманах на Царство България
Подзаглавни данни Г. 1 - 3
Том Г. 1 / К. Д. Списаревски, Рачо П. Косев.
246 ## - Различни форми на заглавието
Паралелно заглавие Annuaire du commerce et de l'industrie du Royaume de Bulgarie
257 ## - Страна на издаване
Страна на създаване/издаване България
260 ## - Област на издателските данни
Място на издаване, разпространение и проч. София
Име на издателя, разпространителя и проч. Изд. авт.
Година на издаване 1909
Печатница София : печ. Вечерна поща
300 ## - Физическа характеристика
Страници 262, 968, 272, 643, LVI с., 5 л.
Илюстрации и др. портр.
Размери/Мащаб 37 см
380 ## - Жанр
Жанр Обществени науки
500 ## - Общи забележки
Забележка Парал. текст и на фр ез.
650 #0 - Допълнително описание по предмет – тема
9 (RLIN) 245951
Основно описание – тема или топоним Международна търговия
650 #0 - Допълнително описание по предмет – тема
9 (RLIN) 318332
Основно описание – тема или топоним Индустрия - България
653 ## - Ключова дума – ненормативна
Ключова дума алманаси
700 1# - Други автори (авторска отговорност)
Лично име Косев, Рачо Панайотов
Автороска отговорност (Описва отношението между автора и произведението) съавт. на том
9 (RLIN) 334811
852 ## - Местоположение
Форматна сигнатура Цб 0.270.32354
Фондова буква Хранилище
852 ## - Местоположение
Форматна сигнатура К 33/М 45
Фондова буква Краезнание
856 4# - Електронен адрес и достъп
Електронен формат pdf - файл
Инструкция (цена за достъп) 0.00
Права за достъп disable
856 4# - Електронен адрес и достъп
Електронен формат pdf - файл
Инструкция (цена за достъп) 0.00
Права за достъп disable
999 ## - СИСТЕМНИ КОНТРОЛНИ НОМЕРА
Koha biblionumber 160220
Koha biblioitemnumber 160220
942 ## - АРТИКУЛИ
Вид на библиотечния материал Книги
Скрит в OPAC Не
Периодичен библиозапис Да
Koha issues (borrowed), all copies 4
944 ## - СЪЗДАВАНЕ И РЕДАКЦИЯ на ЗАПИСА
Създаване/Редакция Създаване
Дата на регистрацията/редакция 19.11.2014
Статус, дата на статуса Христина Везирева
Служител, извършил регистрацията/редакцията 30535
944 ## - СЪЗДАВАНЕ И РЕДАКЦИЯ на ЗАПИСА
Създаване/Редакция Редакция
Дата на регистрацията/редакция 2023-04-18
Служител, извършил регистрацията/редакцията Кети
Наличности
Код за отписване Код за изгубен артикул Източник на класификационната схема Код за повреда Коз за рестрикции Код за отдаване Артикулен № Име на библиотеката - собственик Име на библиотеката, в която се намира в момента Статус (Текущо местоположение) Дата на вписване в системата Местоположение - отдел Цена в лева Инвентарен номер Систематично азбучна сигнатура Баркод Номер на екземпляра Цена в евро Служебна бележка Служебен тип на артикула
  Не е изгубен Universal Decimal Classification Не е повреден само за читалня ползва се в читалня 267775 Регионална библиотека "Любен Каравелов" Русе Регионална библиотека "Любен Каравелов" Русе Хранилище 1909-01-01 Основен фонд - ползва се само за читалня 4.40 11011/58 Цб 0.270.32354 900000038853 1 2.25 N: Сф Дата: 01.01.1909 Дата инв: 01.04.2015 Бележки инв: О2015 Книги
  Не е изгубен Universal Decimal Classification Не е повреден без рестрикции ползва се в читалня 267776 Регионална библиотека "Любен Каравелов" Русе Регионална библиотека "Любен Каравелов" Русе Краезнание 1909-01-01 Краезнание 5.00 17037/66 К 33/М 45 900000003128 2 2.56 N: Сф Дата: 01.01.1909 Дата инв: 09.11.2017 Бележки инв: К2017 Книги
Vip Innovations Ltd, Rousse, Bulgaria 2025